La habilidad pedagógica profesional de planificación en orientaciones metodológicas, una necesidad para el sistema educativo hondureño para él área de Educación Física del Diseño Curricular Nacional Básico en su Primer Ciclo

Shranjeno v:
Bibliografske podrobnosti
Glavni avtor: Figueroa Soriano, Raúl Orlando
Korporativna značnica: e-libro, Corp
Format: Article
Jezik:španščina
Izdano: [Ciudad de La Habana] : Universidad de Ciencias Pedagógicas Enrique José Varona, 2010.
Teme:
Online dostop:https://elibro.unach.elogim.com/es/lc/unach/titulos/95586
Oznake: Označite
Brez oznak, prvi označite!

MARC

LEADER 00000nab a2200000 a 4500
001 ELB95586
003 FlNmELB
006 m o d |
007 cr cn|||||||||
008 201105r2010 cu |||||s|||||||||||spa d
022 |a 1027-4472 
035 |a (OCoLC)955450448 
040 |a FlNmELB  |b spa  |c FlNmELB 
050 4 |a LB41  |b F475 2010 
080 |a 37 
082 0 4 |a 370  |2 22 
100 1 |a Figueroa Soriano, Raúl Orlando. 
222 0 |a Órbita Científica 
245 1 3 |a La habilidad pedagógica profesional de planificación en orientaciones metodológicas, una necesidad para el sistema educativo hondureño para él área de Educación Física del Diseño Curricular Nacional Básico en su Primer Ciclo  |h [recurso electronico] /  |c Raúl Orlando Figueroa Soriano. 
260 |a [Ciudad de La Habana] :  |b Universidad de Ciencias Pedagógicas Enrique José Varona,  |c 2010. 
300 |a [7] p. 
310 |a Trimestral 
362 0 |a Num. 59, Vol. 16 (Agosto-Oct. 2010)- 
533 |a Recurso electrónico. Santa Fe, Arg.: e-libro, 2015. Disponible vía World Wide Web. El acceso puede estar limitado para las bibliotecas afiliadas a e-libro. 
650 0 |a Educación. 
650 0 |a Pedagogía. 
650 0 |a Education. 
653 |a Educacion 
653 |a Pedagogia 
655 4 |a Artículos electrónicos. 
710 2 |a e-libro, Corp. 
740 0 2 |a Órbita Científica. 
856 4 0 |u https://elibro.unach.elogim.com/es/lc/unach/titulos/95586